000 01270cab a2200337 4500
001 ABS50999
008 090401t1994 xxu||||| |||| 00| 0 eng d
035 _a(Sirsi) u4415
041 _aeng
100 _aNdekugri, I.
245 _aArbitrators in construction: a survey
260 _c1994
350 _a0
490 _aInternational Construction Law Review
_v(1994) 11(3) ICLR 366-379(14)
520 _aDetails of a survey conducted as part of research into the quality of arbitrators. The survey seeks to identify a relationship between age, experience and qualification of an arbitrator, the pattern of appointments between architects, engineers, quantity surveyors and lawyers, and arbitrators` views on their own competency and training.
650 _aARBITRATORS
650 _aCHARTERED QUANTITY SURVEYORS
650 _aCONSTRUCTION DISPUTES
650 _aDISPUTE RESOLUTION
_96236
650 _aICE
650 _aQUALIFICATIONS
650 _aQUALITY
650 _aRIBA
650 _aRICS
650 _aSURVEY
650 _aCAREERS, EDUCATION AND TRAINING
690 _aMANAGEMENT-DISPUTE AVOIDANCE, MANAGEMENT AND RESOLUTION-DISPUTE MANAGEMENT AND RESOLUTION-ARBITRATION
700 _aJenkins, H.
942 _n0
948 _c04/03/1997
999 _c2653
_d2653